Amore a Lesbo.

Salvato in:
Dettagli Bibliografici
Autore principale: Bakery, Larry (Autore)
Natura: Libro
Lingua:italiano
Pubblicazione: Torino : Taurum editoriale, 1971
Serie:I libri eros 2000
Tags: Aggiungi Tag
Nessun Tag, puoi essere il primo ad aggiungerne!!

MARC

LEADER 00000nam a22000001i 4500
001 IT\ICCU\TO0\1149400
003 ItRI
005 20250929210835.0
008 021224s1971 it |||||| ||||| |||||c
040 |b ita  |c ct 
041 7 |a ita  |2 ISO-639-2 
100 1 |a Bakery, Larry  |0 IT\ICCU\TO0V\454128  |4 aut 
245 1 0 |a Amore a Lesbo. 
260 |a Torino :  |b Taurum editoriale,  |c 1971 
300 |a 193 p. ;  |c 21 cm. 
830 2 |a I libri eros 2000  |0 IT\ICCU\SBL\0377792 
942 |2 ddc  |c BK 
952 |0 0  |1 0  |2 ddc  |4 0  |6 B_LNR02BAKLAVIV11  |7 0  |9 5894  |a MI  |b MI  |d 1987-08-03  |i 473  |l 0  |o B-LNR02-BAKLA-VIV11  |p CDOM473  |r 2025-07-13 16:28:00  |w 2025-07-13  |x ACQUISTO  |y BK 
999 |c 4707  |d 4707